Najbardziej zalesione państwa - Statystyki

Ogólne statystyki
  • Ten quiz został rozwiązany 36 721 razy
    5 278 od ostatniego zresetowania
  • Średni wynik to 13 z 20
Statystyki odpowiedzi
km2 Kraj % Poprawnych
9 371 865 Rosja
98%
4 397 651 Brazylia
95%
4 354 858 Kanada
95%
2 928 204 Stany Zjednoczone
95%
1 883 998 Chiny
92%
501 384 Indie
83%
725 556 Meksyk
78%
767 979 Australia
73%
751 690 Kolumbia
72%
1 179 300 Indonezja
69%
823 100 Peru
68%
1 865 411 DemokratycznaRepublika Konga
67%
511 990 Wenezuela
65%
581 311 Boliwia
57%
375 560 Tanzania
39%
748 928 Angola
33%
454 478 Mozambik
28%
512 795 RepublikaŚrodkowoafrykańska
28%
471 548 Zambia
27%
395 064 Papua-Nowa Gwinea
26%
Nie znaleziono quizów pasujących do podanych kryteriów
Rozkład punktacji
Procent ludzi z każdym wynikiem
Percentyl według liczby udzielonych odpowiedzi
Twoja historia wyników
Nie rozwiązałeś tego quizu od ostatniego zresetowania